Invierno en tiempo de guerra / (Registro nro. 10991)

Detalles MARC
000 -LIDER
fixed length control field 00735nam a22002657a 4500
001 - NÚMERO DE CONTROL
Identificador de número de control 00793
003 - IDENTIFICACDOR DE NÚMERO DE CONTROL
control field DO-SdBNP
005 - DATE AND TIME OF LATEST TRANSACTION
control field 20180131103108.0
007 - CAMPOS FIJOS DE DESCRIPCIÓN FÍSICA
fixed length control field 00793
008 - ELEMENTOS DE LONGITUD FIJA
fixed length control field 160720b 1984 sp||||| |||| 00| 0 spa d
020 ## - ISBN
International Standard Book Number 8434808617
040 ## - FUENTE DE CATALOGACIÓN
Agencia que crea de manera original el registro BPMSU
Idioma de catalogación spa
Agencia que realiza la transcripción BPMSU
092 ## - LOCALLY ASSIGNED DEWEY DECIMAL CALL NUMBER
Número de clasificación xxxxxxxxx
Número de ítem (Cutter) xxxxxxxxx
100 1# - ASIENTO PRINCIPAL -- NOMBRE PERSONAL
Nombre personal Terlouw, Jan
245 1# - MENCIÓN DE TITULO
Título Invierno en tiempo de guerra /
Mención de responsabilidad Jan Terlouw ; traducción J. Valiente Malla
250 ## - MENCIÓN DE EDICION
Mención de edición 2a ed.
260 ## - PUBLICACIÓN, DISTRIBUCIÓN, ETC. (PIE DE IMPRENTA)
Lugar de publicación, distribución, etc Madrid :
Nombre del editor, distribuidor, etc. S. M.,
Fecha de publicación, distribución, etc 1984.
300 ## - DESCRIPCIÓN FÍSICA
Extensión 217 p. :
Dimensiones 21 cm.
490 1# - MENCIÓN DE SERIES
Mención de serie Gran angular
Volume/sequential designation 14
700 1# - ASIENTO SECUNDARIO -- NOMBRE PERSONAL
Nombre personal Valiente Malla, J.,
Fechas asociadas con el nombre tr.
830 #0 - ASIENTO SECUNDARIO DE SERIE--TÍTULO UNIFORME
Título uniforme Gran angular
Número de la parte o sección de una obra 14
942 ## - ADDED ENTRY ELEMENTS (KOHA)
Source of classification or shelving scheme Dewey Decimal Classification
Koha item type Libros
945 ## - INFORMACIÓN DE PROCESAMIENTO LOCAL
Información de procesamiento local Inventariado extraviado / 2018 VM
956 ## - LOCAL ELECTRONIC LOCATION AND ACCESS (OCLC)
Nombre de host BTAVÁREZ
Información de compresión 20162007
Número de acceso 10
Trayectoria 00793
Existencias
Withdrawn status Lost status Source of classification or shelving scheme Damaged status Not for loan Collection code Home library Current library Date acquired Source of acquisition Total Checkouts Barcode Date last seen Price effective from Koha item type
    Dewey Decimal Classification     Colección General Biblioteca Pública Metropolitana Salomé Ureña Biblioteca Pública Metropolitana Salomé Ureña 07/20/2016 Fundi   BPMSU16070606 07/20/2016 07/20/2016 Libros